00703nam a22002057a 450000500170000001000270001702000240004403500270006803700120009508200080010710000350011524500690015024600140021926000450023330000460027850000410032465000460036565000480041170000380045920110525111611.0 aB-430588-591 B-442798 a0195664787c1200.00 aB-430588-591 B-442798 bRBC/VEN a881 aRamanujan, A. K., d1929-1993. aThe Oxford India Ramanujan /bedited by Molly Daniels-Ramanujan. aRamanujan aNew DelhibOxford University Pressc2010 a1 v. (various pagings) billc23 cm. (Hb) aIncludes bibliographical references  aTamil poetryv Translations into English. aKannada poetryv Translations into English. aDaniels-Ramanujan, Molly, d1932-